000 01095cam a22003014a 4500
001 12397697
003 GBCCL
005 20251107134036.0
008 010503s2001 coua 000 0 eng
020 _a0764423061
020 _a9780764423062
035 _a12397697
040 _aDLC
_cDLC
_dDLC
082 0 0 _a262.0017
_221
_bMCM 1
100 1 _aMcManus, Erwin Raphael.
245 1 3 _aAn unstoppable force :
_bdaring to become the church God had in mind /
_cby Erwin Raphael McManus.
260 _aLoveland, Colo. :
_bGroup,
_cc2001.
300 _a224 p. :
_bcol. ill. ;
_c24 cm.
336 _atext
_btxt
_2rdacontent
337 _aunmediated
_bn
_2rdamedia
338 _avolume
_bnc
_2rdacarrier
650 0 _aChurch renewal.
650 0 _aChurch history
_yPrimitive and early church, ca. 30-600.
906 _a7
_bcbc
_corignew
_d1
_eocip
_f20
_gy-gencatlg
942 _2ddc
_cBK
_n0
999 _c10996
_d10996